Elizabeth I CEO : strategic lessons from the leader who built an empire
| Main Author: | |
|---|---|
| Corporate Author: | |
| Format: | Book |
| Published: |
New York :
Prentice Hall Press ,
2000
|
| Subjects: |
MARC
| LEADER | 00000cam a2200000 7i4500 | ||
|---|---|---|---|
| 001 | 0000012177 | ||
| 005 | 20071207.0 | ||
| 008 | 071205 | ||
| 020 | |a 0735203571 | ||
| 090 | 0 | 0 | |a 942.055092 |b AXE |
| 100 | 1 | |a Axelrod, Alan | |
| 245 | 1 | 0 | |a Elizabeth I CEO : |b strategic lessons from the leader who built an empire |c Alan Axelrod |
| 260 | |a New York : |b Prentice Hall Press , |c 2000 | ||
| 650 | 0 | |a English fiction | |
| 650 | 0 | |a Leadership |x Fiction | |
| 710 | 0 | |a Title | |
| 999 | |a 0001003808 |b Book |c Adult Collection |e Perbadanan Perpustakaan Awam Johor | ||